000 00528nam a2200181Ia 4500
005 20250508150237.0
008 008 250505s9999 xx 000 0 eng d
037 _aTextual
040 _aFEDL
_beng
_cFEDL
041 _aeng
_2eng
084 _a537, RAM
_qFEDL
100 _aRamsey A S
245 0 _aElectricity and magnetism: An introduction to the mathematical theory
260 _aCambridge
_bCambridge University Press
_c1946
300 _ax,267p.
942 _cTEXL
_h537, RAM
999 _c1322606
_d1322606